000 00627nam a2200229Ia 4500
003 OSt
005 20220928102112.0
006 a|||||r|||| 00| 0
007 ta
008 220927b |||||||| |||| 00| 0 eng d
024 _a49807
037 _cTextual
040 _aSDCL
_cSDCL
_beng
041 _2eng
_aeng
082 _aO152,1(Delta25):g (Y), NO
100 _aPremshankar
_9396603
245 0 _aBhaktikavya ka samajshashtra.
260 _aNew Delhi
_bRadhakrishna
_c1990
300 _a142p.
_ccm.
942 _hO152,1(Delta25):g (Y), NO
_cTEXL
_2CC
999 _c712353
_d712353